[Event "Mittelfrank Regionalliga Sud-West 2223"]
[Site "Mittelfranken"]
[Date "2022.12.11"]
[Round "4.2"]
[White "Ritzka, Simon"]
[Black "Haas, Peter"]
[Result "0-1"]
[WhiteElo "2038"]
[BlackElo "2095"]
[PlyCount "62"]
[EventDate "2022.10.09"]
[EventType "team-tourn"]
[EventRounds "9"]
[EventCountry "GER"]
[SourceTitle "EXT 2024"]
[Source "ChessBase"]
[SourceDate "2023.10.10"]
[SourceVersion "1"]
[SourceVersionDate "2023.10.10"]
[SourceQuality "1"]
[WhiteTeam "Altstadt Roter Turm"]
[BlackTeam "Sendling"]
[WhiteTeamCountry "GER"]
[BlackTeamCountry "GER"]

1. e4 e5 2. Nf3 Nc6 3. Bb5 Nf6 4. 0-0 Bc5 5. d3 Nd4 6. Nxd4 Bxd4 7. c3 Bb6 8. Bg5 h6 9. Bh4 c6 10. Ba4 d6 11. Nd2 g5 12. Bg3 h5 13. h4 Bg4 14. Qe1 Nd7 15. Nc4 Nc5 16. Nxb6 axb6 17. Bc2 gxh4 18. Bh2 Rg8 19. Qe3 Qe7 20. Kh1 0-0-0 21. a4 h3 22. gxh3 Be6 23. b4 Na6 24. f4 exf4 25. Rxf4 f5 26. b5 Nc5 27. a5 Qg7 28. Rf2 Qxc3 29. Rg1 Nxe4 30. Rxg8 Nxf2+ 31. Qxf2 Rxg8 0-1

[Event "GER-chT Betriebe 17th"]
[Site "Berlin"]
[Date "2017.11.03"]
[Round "4.2"]
[White "Haas, Peter"]
[Black "Rath, Alina"]
[Result "1-0"]
[WhiteElo "2092"]
[BlackElo "2089"]
[PlyCount "41"]
[EventDate "2017.11.02"]
[EventType "team-swiss"]
[EventRounds "7"]
[EventCountry "GER"]
[SourceTitle "EXT 2020"]
[Source "ChessBase"]
[SourceDate "2019.10.17"]
[SourceVersion "1"]
[SourceVersionDate "2019.10.17"]
[SourceQuality "1"]
[WhiteTeam "Muenchen ADAC"]
[BlackTeam "Berlin Osram"]
[WhiteTeamCountry "GER"]
[BlackTeamCountry "GER"]

1. e4 c5 2. Nf3 Nc6 3. Bb5 g6 4. 0-0 Bg7 5. Re1 e5 6. b4 Nxb4 7. Bb2 Qc7 8. c3 Nc6 9. d4 Qb6 10. Na3 Nh6 11. Nc4 Qc7 12. dxc5 0-0 13. Qd6 Qxd6 14. Nxd6 b6 15. Ba3 Rb8 16. Rab1 f6 17. cxb6 axb6 18. Nc4 Rd8 19. Bd6 Ra8 20. Nxb6 Ra5 21. Bc7 1-0

[Event "Pula op 28th"]
[Site "Pula"]
[Date "2014.06.10"]
[Round "4"]
[White "Haas, Peter"]
[Black "Maier, Christian"]
[Result "0-1"]
[WhiteElo "2074"]
[BlackElo "2369"]
[PlyCount "52"]
[EventDate "2014.06.07"]
[EventType "swiss"]
[EventRounds "9"]
[EventCountry "CRO"]
[SourceTitle "CBM 160 Extra"]
[Source "ChessBase"]
[SourceDate "2014.07.01"]
[SourceVersion "1"]
[SourceVersionDate "2014.07.01"]
[SourceQuality "1"]

1. e4 e5 2. Nf3 Nc6 3. Bb5 a6 4. Ba4 Nf6 5. 0-0 Be7 6. Re1 b5 7. Bb3 0-0 8. a4 Rb8 9. Nc3 d6 10. h3 Na5 11. Ba2 b4 12. Nd5 Nxd5 13. Bxd5 c6 14. Ba2 Kh8 15. d4 exd4 16. Nxd4 c5 17. Nb3 Nc6 18. Nd2 f5 19. Bd5 Ne5 20. Nf3 f4 21. b3 Bf6 22. Ra2 Nxf3+ 23. Qxf3 Bc3 24. Rd1 Qf6 25. Bd2 Be5 26. Be1 g5 0-1

[Event "Regionalliga SW 1314"]
[Site "Bayern"]
[Date "2014.04.06"]
[Round "9.5"]
[White "Haas, Peter"]
[Black "Maier, Michael"]
[Result "1-0"]
[WhiteElo "2088"]
[BlackElo "1931"]
[PlyCount "97"]
[EventDate "2013.10.13"]
[EventType "team-tourn"]
[EventRounds "9"]
[EventCountry "GER"]
[SourceTitle "EXT 2015"]
[Source "ChessBase"]
[SourceDate "2014.11.20"]
[SourceVersion "1"]
[SourceVersionDate "2014.11.20"]
[SourceQuality "1"]
[WhiteTeam "Sendling"]
[BlackTeam "Dachau"]
[WhiteTeamCountry "GER"]
[BlackTeamCountry "GER"]

1. e4 e5 2. Nf3 Nc6 3. Bb5 Nf6 4. Nc3 Bb4 5. 0-0 0-0 6. d3 d6 7. Ne2 h6 8. c3 Bc5 9. Ng3 Bg4 10. h3 Bxf3 11. Qxf3 Ne7 12. Bxh6 gxh6 13. Qxf6 Ng6 14. Nh5 Qxf6 15. Nxf6+ Kg7 16. Nh5+ Kh7 17. Bd7 Ne7 18. Ng3 Rg8 19. Kh2 Raf8 20. Rad1 Bb6 21. d4 f6 22. f4 exd4 23. cxd4 Kh8 24. Nh5 f5 25. Bxf5 Nxf5 26. exf5 Rxf5 27. g4 Ra5 28. a3 Re8 29. f5 Re2+ 30. Kg3 Rxb2 31. f6 Rxa3+ 32. Kf4 Kg8 33. Kf5 Kf7 34. h4 Ra5+ 35. d5 Rbb5 36. Nf4 Be3 37. g5 Bxf4 38. g6+ Kf8 39. Rxf4 Rxd5+ 40. Rxd5 Rxd5+ 41. Ke6 Re5+ 42. Kd7 d5 43. f7 Re7+ 44. Kd8 Rxf7 45. gxf7 c5 46. Kd7 d4 47. Ke6 h5 48. Rf5 b6 49. Rg5 1-0

[Event "Regionalliga SW 1314"]
[Site "Bayern"]
[Date "2014.02.09"]
[Round "6.5"]
[White "Tibitanzl, Thomas"]
[Black "Haas, Peter"]
[Result "1/2-1/2"]
[WhiteElo "1979"]
[BlackElo "2088"]
[PlyCount "71"]
[EventDate "2013.10.13"]
[EventType "team-tourn"]
[EventRounds "9"]
[EventCountry "GER"]
[SourceTitle "EXT 2015"]
[Source "ChessBase"]
[SourceDate "2014.11.20"]
[SourceVersion "1"]
[SourceVersionDate "2014.11.20"]
[SourceQuality "1"]
[WhiteTeam "MSA Zugzwang II"]
[BlackTeam "Sendling"]
[WhiteTeamCountry "GER"]
[BlackTeamCountry "GER"]

1. d4 Nf6 2. Nf3 e6 3. Bf4 b6 4. e3 Bb7 5. Nbd2 Be7 6. Bd3 d5 7. Ne5 a6 8. 0-0 Nbd7 9. Ndf3 c5 10. c3 Nxe5 11. Nxe5 h6 12. b4 cxd4 13. cxd4 0-0 14. a3 Rc8 15. Qe2 b5 16. Rfc1 Qb6 17. h3 Bd6 18. g4 Bxe5 19. Bxe5 Ne4 20. f3 Nd6 21. Bxd6 Qxd6 22. Qh2 Qxh2+ 23. Kxh2 Rxc1 24. Rxc1 Rc8 25. Rxc8+ Bxc8 26. f4 g5 27. Kg3 f6 28. e4 dxe4 29. Bxe4 Kf7 30. h4 Ke7 31. hxg5 hxg5 32. fxg5 fxg5 33. Kf3 Kd6 34. Ke3 e5 35. Bf3 exd4+ 36. Kxd4 1/2-1/2

[Event "Regionalliga SW 1213"]
[Site "Bayern"]
[Date "2013.02.24"]
[Round "7.5"]
[White "Haas, Peter"]
[Black "Popovici, Stefan"]
[Result "1/2-1/2"]
[WhiteElo "2076"]
[BlackElo "1940"]
[PlyCount "39"]
[EventDate "2012.10.14"]
[EventType "team-tourn"]
[EventRounds "9"]
[EventCountry "GER"]
[SourceTitle "EXT 2015"]
[Source "ChessBase"]
[SourceDate "2014.11.20"]
[SourceVersion "1"]
[SourceVersionDate "2014.11.20"]
[SourceQuality "1"]
[WhiteTeam "Sendling"]
[BlackTeam "MSA Zugzwang II"]
[WhiteTeamCountry "GER"]
[BlackTeamCountry "GER"]

1. e4 e6 2. d4 d5 3. Nc3 Nf6 4. Bg5 dxe4 5. Nxe4 Be7 6. Nxf6+ Bxf6 7. Bxf6 Qxf6 8. Nf3 c5 9. c3 cxd4 10. Qxd4 Qxd4 11. Nxd4 a6 12. g3 e5 13. Nb3 Bd7 14. Na5 Bc6 15. Nxc6 Nxc6 16. 0-0-0 Ke7 17. Bg2 Rad8 18. Rxd8 Rxd8 19. Re1 Ke6 20. Rd1 1/2-1/2

[Event "Regionalliga SW 1213"]
[Site "Bayern"]
[Date "2013.02.03"]
[Round "6.6"]
[White "Haas, Peter"]
[Black "Mattes, Heinz"]
[Result "1-0"]
[WhiteElo "2076"]
[BlackElo "1955"]
[PlyCount "119"]
[EventDate "2012.10.14"]
[EventType "team-tourn"]
[EventRounds "9"]
[EventCountry "GER"]
[SourceTitle "EXT 2015"]
[Source "ChessBase"]
[SourceDate "2014.11.20"]
[SourceVersion "1"]
[SourceVersionDate "2014.11.20"]
[SourceQuality "1"]
[WhiteTeam "Sendling"]
[BlackTeam "Muenchen Siemens"]
[WhiteTeamCountry "GER"]
[BlackTeamCountry "GER"]

1. e4 e6 2. d4 d5 3. Nc3 Nf6 4. Bg5 Bb4 5. e5 h6 6. Bd2 Bxc3 7. bxc3 Ne4 8. Qg4 Kf8 9. Bd3 Nxd2 10. Kxd2 c5 11. Nf3 c4 12. Be2 Nc6 13. h4 Bd7 14. Qf4 Ne7 15. h5 b5 16. a3 a5 17. Rhb1 Ke8 18. g4 Nc6 19. Rxb5 Nb4 20. Rb7 Qc8 21. Rxd7 Qxd7 22. axb4 a4 23. Ra3 Qe7 24. Ke1 Kd7 25. Nd2 Rhb8 26. Kf1 Ke8 27. Qg3 Qa7 28. Nb1 Qd7 29. Kg2 Ra7 30. f4 Qe7 31. Kh3 Rb6 32. Qh4 Qf8 33. Qg3 Qe7 34. Qe3 Rb8 35. f5 Rba8 36. Qf4 Rb7 37. f6 gxf6 38. Qxf6 Qxf6 39. exf6 Kd7 40. Nd2 Rbb8 41. Nf3 Rg8 42. Ne5+ Ke8 43. Kg3 Rg5 44. Kf4 Rg8 45. Ke3 Rg5 46. Kd2 Rg8 47. Kc1 Rg5 48. Kb2 Rg8 49. Ra1 Rg5 50. Ka3 Rg8 51. Bf3 Rb8 52. Rb1 Rf8 53. b5 Rb6 54. Kxa4 Kd8 55. Kb4 Kc7 56. Ra1 Kd6 57. Ra7 Rxb5+ 58. Kxb5 Rb8+ 59. Ka4 Rb4+ 60. cxb4 1-0

[Event "Landesliga Sued 1011"]
[Site "Bayern"]
[Date "2010.10.24"]
[Round "2.4"]
[White "Haas, Peter"]
[Black "Schelle, Artur"]
[Result "1-0"]
[WhiteElo "2025"]
[BlackElo "2073"]
[PlyCount "93"]
[EventDate "2010.10.10"]
[EventType "team-tourn"]
[EventRounds "9"]
[EventCountry "GER"]
[SourceTitle "EXT 2012"]
[Source "ChessBase"]
[SourceDate "2011.11.24"]
[SourceVersion "1"]
[SourceVersionDate "2011.11.24"]
[SourceQuality "1"]
[WhiteTeam "Sendling"]
[BlackTeam "Muenchen Tarrasch II"]
[WhiteTeamCountry "GER"]
[BlackTeamCountry "GER"]

1. e4 d5 2. exd5 Qxd5 3. Nc3 Qa5 4. d4 Nf6 5. Nf3 Bf5 6. Ne5 c6 7. Bd3 Bxd3 8. Qxd3 Nbd7 9. Nxd7 Nxd7 10. 0-0 e6 11. Qg3 h5 12. Ne4 h4 13. Qg5 Qxg5 14. Nxg5 Be7 15. h3 Bxg5 16. Bxg5 Rh5 17. Bf4 Nb6 18. b3 Rd8 19. Rad1 Nd5 20. Be3 b5 21. a3 Rb8 22. Bd2 Rf5 23. Rfe1 Kd7 24. Re4 g5 25. Re5 f6 26. Rxf5 exf5 27. Re1 f4 28. Bb4 Nxb4 29. axb4 Kd6 30. Kf1 Ra8 31. Ra1 Kd5 32. c3 a6 33. f3 Ra7 34. Ke2 Re7+ 35. Kd2 Ra7 36. Kd3 Ra8 37. Kd2 Ra7 38. Kd3 Ra8 39. c4+ Kd6 40. Kd2 Ra7 41. Kd3 Re7 42. Rxa6 Re3+ 43. Kd2 Rxb3 44. cxb5 Rxb4 45. Rxc6+ Kd5 46. Kc3 Rxd4 47. Rd6+ 1-0

[Event "Landesliga Sued 0910"]
[Site "Bayern"]
[Date "2009.10.18"]
[Round "1.5"]
[White "Haas, Peter"]
[Black "Brychcy, Felix"]
[Result "1/2-1/2"]
[WhiteElo "2043"]
[BlackElo "2100"]
[PlyCount "82"]
[EventDate "2009.10.18"]
[EventType "team-tourn"]
[EventRounds "9"]
[EventCountry "GER"]
[SourceTitle "EXT 2011"]
[Source "ChessBase"]
[SourceDate "2010.11.26"]
[SourceVersion "1"]
[SourceVersionDate "2010.11.26"]
[SourceQuality "1"]
[WhiteTeam "Sendling"]
[BlackTeam "Muenchen Zugzwang"]
[WhiteTeamCountry "GER"]
[BlackTeamCountry "GER"]

1. e4 c5 2. Nf3 d6 3. d4 cxd4 4. Qxd4 Nc6 5. Bb5 Bd7 6. Bxc6 bxc6 7. Nc3 e5 8. Qd3 Be7 9. 0-0 Nf6 10. Bg5 Bg4 11. Nd2 Be6 12. Nc4 Bxc4 13. Qxc4 Rc8 14. Rad1 0-0 15. Qa4 Qc7 16. Rd3 h6 17. Bxf6 Bxf6 18. Rfd1 Rfd8 19. Qc4 Be7 20. g3 Qb7 21. Qb3 Qd7 22. Rf3 Bf8 23. Qa4 Qg4 24. Rfd3 Rc7 25. Kg2 Qc8 26. Qa5 Qb7 27. f3 Rcd7 28. b3 Be7 29. Na4 d5 30. Nc5 Bxc5 31. Qxc5 dxe4 32. fxe4 Rxd3 33. Rxd3 Rxd3 34. cxd3 Qb5 35. Qxa7 Qxd3 36. Qb8+ Kh7 37. Qxe5 Qe2+ 38. Kg1 Qe1+ 39. Kg2 Qe2+ 40. Kg1 Qd1+ 41. Kf2 Qd2+ 1/2-1/2

[Event "Landesliga Sued 0809"]
[Site "Bayern"]
[Date "2008.12.14"]
[Round "4.6"]
[White "Haas, Peter"]
[Black "Wiegner, Denis"]
[Result "1/2-1/2"]
[WhiteElo "2039"]
[BlackElo "2188"]
[PlyCount "61"]
[EventDate "2008.10.05"]
[EventType "team-tourn"]
[EventRounds "9"]
[EventCountry "GER"]
[SourceTitle "EXT 2020"]
[Source "ChessBase"]
[SourceDate "2019.10.17"]
[SourceVersion "1"]
[SourceVersionDate "2019.10.17"]
[SourceQuality "1"]
[WhiteTeam "Sendling"]
[BlackTeam "Garching"]
[WhiteTeamCountry "GER"]
[BlackTeamCountry "GER"]

1. d4 d5 2. c4 Nc6 3. Nf3 Bg4 4. cxd5 Bxf3 5. gxf3 Qxd5 6. e3 e5 7. Nc3 Bb4 8. Bd2 Bxc3 9. bxc3 Qd6 10. Rb1 Rb8 11. Bg2 Nge7 12. f4 exd4 13. cxd4 0-0 14. Rb5 a6 15. Rg5 h6 16. Rc5 Rbe8 17. 0-0 Ng6 18. Qg4 Nge7 19. Rfc1 f5 20. Qh5 Rc8 21. a3 a5 22. Bxa5 Nxa5 23. Rxa5 b6 24. Ra7 Kh7 25. Qd1 b5 26. Qc2 Ng6 27. Qc5 Nh4 28. Qc6 Qe7 29. Qc5 Qd6 30. Qc6 Qe7 31. Qc5 1/2-1/2

[Event "Landesliga Sued 0708"]
[Site "Bayern"]
[Date "2008.01.20"]
[Round "5.7"]
[White "Haas, Peter"]
[Black "Herb, Stefan"]
[Result "1/2-1/2"]
[WhiteElo "2030"]
[BlackElo "1985"]
[PlyCount "59"]
[EventDate "2007.10.21"]
[EventType "team-tourn"]
[EventRounds "9"]
[EventCountry "GER"]
[SourceTitle "EXT 2009"]
[Source "ChessBase"]
[SourceDate "2008.11.26"]
[SourceVersion "1"]
[SourceVersionDate "2008.11.26"]
[SourceQuality "1"]
[WhiteTeam "Sendling"]
[BlackTeam "Haunstetten"]
[WhiteTeamCountry "GER"]
[BlackTeamCountry "GER"]

1. b3 Nf6 2. Bb2 g6 3. Bxf6 exf6 4. c4 f5 5. Nc3 Bg7 6. g3 Nc6 7. Bg2 a6 8. e3 0-0 9. d4 b6 10. Nge2 Bb7 11. 0-0 d6 12. b4 Qd7 13. a4 Rab8 14. Nd5 Ne7 15. Rc1 Ba8 16. Qb3 c6 17. Nxe7+ Qxe7 18. Nc3 h5 19. Qa3 h4 20. a5 hxg3 21. hxg3 bxa5 22. Qxa5 Bh6 23. Rb1 f4 24. exf4 Bg7 25. Rbd1 Qa7 26. c5 dxc5 27. bxc5 Rfd8 28. d5 Bxc3 29. Qxc3 cxd5 30. c6 1/2-1/2